000 01320cam a2200217 4500
001 WB3716-15
008 000000n2001 000 0 eng u
035 _a(Sirsi) u112202
245 _aLicence to sublet
260 _c2001
490 _aEstates Gazette
_v[2001] EGCS 54 (21/04/01)
520 _a"Allied Dunbar Assurance plc v Homebase Ltd and another", ChD 11 April 2001. The defendant tenant held a lease on retail premises which included a qualified covenant against subletting without prior consent of the claimant landlord, subject to a number of provisos. In March 1998 the tenant informed the landlord that it was closing the store and enlisted estate agents to find a subtenant. When a subtenant had been found, the tenant made an application with details of the proposed underlease and a further deed. The landlord withheld consent and sought an order to restrain the tenant from proceeding with the subletting claiming that the provisos had not been complied with. Held, the decision went in the landlords favour.
590 _aWB
650 _aCOMMERCIAL LEASES
650 _aHOMEBASE LTD AND ANOTHER V ALLIED DUNBAR ASSURANCE PLC
650 _aCOVENANTS AGAINST ASSIGNMENT
650 _aCONSENT TO SUBLET
650 _aUNDERLEASES
690 _aLANDLORD AND TENANT-CASE LAW
942 _n0
999 _c66825
_d66825